000 00230nam a2200097Ia 4500
001 874100
005 20250826181310.0
008 250824s9999 xx 000 0 und d
245 0 _aBİTANEM
_cCANDAN ÖZER
260 _bPANAMA YAYINLARI
999 _c874100
_d874100